[Event "EYTCC-G"]
[Site "?"]
[Date "2017.08.22"]
[Round "6.6"]
[White "Antolak, Julia"]
[Black "Kanakova, Natalie"]
[Result "1/2-1/2"]
[BlackElo "2176"]
[WhiteElo "2204"]
[LiveChessVersion "1.4.6"]

1. e4 {[%clk 1:30:57]} c5 {[%clk 1:30:55]} 2. Nf3 {[%clk 1:31:23]} d6
{[%clk 1:31:20]} 3. d4 {[%clk 1:31:44]} cxd4 {[%clk 1:31:44]} 4. Nxd4
{[%clk 1:32:09]} Nf6 {[%clk 1:32:10]} 5. Nc3 {[%clk 1:32:34]} g6 {[%clk 1:32:34]}
6. Bc4 {[%clk 1:31:45]} Bg7 {[%clk 1:32:21]} 7. f3 {[%clk 1:24:59]} O-O
{[%clk 1:31:24]} 8. Be3 {[%clk 1:25:23]} Nc6 {[%clk 1:31:40]} 9. Qd2
{[%clk 1:25:39]} Bd7 {[%clk 1:31:40]} 10. O-O-O {[%clk 1:25:57]} Rc8
{[%clk 1:31:57]} 11. Bb3 {[%clk 1:26:21]} Nxd4 {[%clk 1:32:08]} 12. Bxd4
{[%clk 1:26:45]} b5 {[%clk 1:32:31]} 13. h4 {[%clk 1:19:23]} a5 {[%clk 1:32:04]}
14. h5 {[%clk 1:19:43]} a4 {[%clk 1:30:25]} 15. Bxf6 {[%clk 1:17:24]} Bxf6
{[%clk 1:30:25]} 16. hxg6 {[%clk 1:17:34]} e6 {[%clk 1:30:07]} 17. e5
{[%clk 1:17:45]} Bg7 {[%clk 1:30:01]} 18. Rxh7 {[%clk 1:15:49]} Bxe5
{[%clk 1:29:19]} 19. Rdh1 {[%clk 1:15:16]} fxg6 {[%clk 1:28:18]} 20. Rh8+
{[%clk 1:14:31]} Bxh8 {[%clk 1:27:03]} 21. Rxh8+ {[%clk 1:14:50]} Kxh8
{[%clk 1:27:16]} 22. Qh6+ {[%clk 1:15:16]} Kg8 {[%clk 1:27:41]} 23. Qxg6+
{[%clk 1:15:44]} Kh8 {[%clk 1:28:05]} 24. Qh6+ {[%clk 1:16:11]} Kg8
{[%clk 1:28:30]} 25. Qg6+ {[%clk 1:16:38]} Kh8 {[%clk 1:28:55]} 26. Qh6+
{[%clk 1:17:01]} Kg8 {[%clk 1:29:20]} 27. Qg6+ {[%clk 1:17:25]} Kh8
{[%clk 1:29:44]} 1/2-1/2

[Event "EYTCC-G"]
[Site "?"]
[Date "2017.08.22"]
[Round "6.7"]
[White "Injac, Teodora"]
[Black "Narva, Mai"]
[Result "1/2-1/2"]
[BlackElo "2210"]
[WhiteElo "2279"]
[LiveChessVersion "1.4.6"]

1. d4 {[%clk 1:30:57]} Nf6 {[%clk 1:30:48]} 2. Nf3 {[%clk 1:31:17]} d5
{[%clk 1:30:59]} 3. c4 {[%clk 1:31:41]} e6 {[%clk 1:31:19]} 4. Nc3
{[%clk 1:31:55]} Be7 {[%clk 1:31:31]} 5. Bf4 {[%clk 1:31:43]} O-O
{[%clk 1:31:38]} 6. e3 {[%clk 1:32:07]} Nbd7 {[%clk 1:31:45]} 7. Be2
{[%clk 1:28:28]} c5 {[%clk 1:31:04]} 8. cxd5 {[%clk 1:25:08]} Nxd5
{[%clk 1:29:02]} 9. Nxd5 {[%clk 1:22:17]} exd5 {[%clk 1:29:24]} 10. O-O
{[%clk 1:22:37]} b6 {[%clk 1:22:47]} 11. dxc5 {[%clk 1:20:15]} Nxc5
{[%clk 1:23:05]} 12. Nd4 {[%clk 1:07:12]} Bb7 {[%clk 1:20:57]} 13. Rc1
{[%clk 1:00:49]} Bd6 {[%clk 1:16:27]} 14. Bxd6 {[%clk 0:57:24]} Qxd6
{[%clk 1:16:49]} 15. Qc2 {[%clk 0:54:27]} Qf6 {[%clk 1:08:13]} 16. Qf5
{[%clk 0:51:17]} Qxf5 {[%clk 1:04:03]} 17. Nxf5 {[%clk 0:51:46]} Rfd8
{[%clk 1:04:02]} 18. Rfd1 {[%clk 0:50:41]} Kf8 {[%clk 0:59:06]} 19. Nd4
{[%clk 0:43:51]} Ke7 {[%clk 0:47:56]} 20. h4 {[%clk 0:39:20]} g6 {[%clk 0:42:54]}
21. g4 {[%clk 0:33:10]} Rac8 {[%clk 0:39:45]} 22. g5 {[%clk 0:31:27]} Ne6
{[%clk 0:28:54]} 23. Bg4 {[%clk 0:24:31]} Nxd4 {[%clk 0:23:38]} 24. Rxc8
{[%clk 0:07:02]} Bxc8 {[%clk 0:23:36]} 25. Rxd4 {[%clk 0:07:26]} Bxg4
{[%clk 0:22:41]} 26. Rxg4 {[%clk 0:07:54]} Rc8 {[%clk 0:22:39]} 27. Kg2
{[%clk 0:04:53]} Rc2 {[%clk 0:20:26]} 28. Ra4 {[%clk 0:04:30]} a5
{[%clk 0:20:19]} 29. b3 {[%clk 0:04:58]} f5 {[%clk 0:17:41]} 30. Kg3
{[%clk 0:03:12]} Kd6 {[%clk 0:11:16]} 31. h5 {[%clk 0:02:20]} Ke5
{[%clk 0:03:50]} 32. hxg6 {[%clk 0:02:44]} hxg6 {[%clk 0:04:15]} 33. Kf3
{[%clk 0:02:20]} Rc1 {[%clk 0:02:15]} 34. Kg2 {[%clk 0:02:18]} Rc2
{[%clk 0:01:40]} 35. Kf3 {[%clk 0:02:38]} Rc1 {[%clk 0:00:42]} 36. Kg2
{[%clk 0:02:47]} Rc2 {[%clk 0:00:47]} 37. Kf3 {[%clk 0:00:42]} 1/2-1/2

[Event "EYTCC-G"]
[Site "?"]
[Date "2017.08.22"]
[Round "6.8"]
[White "Olde, Margareth"]
[Black "Gajcin, Marina"]
[Result "1-0"]
[BlackElo "2263"]
[WhiteElo "2122"]
[LiveChessVersion "1.4.6"]

1. d4 {[%clk 1:30:58]} Nf6 {[%clk 1:30:56]} 2. c4 {[%clk 1:31:21]} g6
{[%clk 1:31:23]} 3. Nc3 {[%clk 1:31:44]} d5 {[%clk 1:31:50]} 4. Nf3
{[%clk 1:32:07]} Bg7 {[%clk 1:32:17]} 5. Qb3 {[%clk 1:32:22]} dxc4
{[%clk 1:31:40]} 6. Qxc4 {[%clk 1:32:47]} O-O {[%clk 1:32:06]} 7. e4
{[%clk 1:33:09]} c6 {[%clk 1:32:12]} 8. Be2 {[%clk 1:32:47]} b5 {[%clk 1:31:15]}
9. Qb3 {[%clk 1:33:05]} Qa5 {[%clk 1:24:39]} 10. e5 {[%clk 1:27:15]} Be6
{[%clk 1:15:40]} 11. Qc2 {[%clk 1:24:53]} Nd5 {[%clk 1:14:10]} 12. O-O
{[%clk 1:13:39]} Na6 {[%clk 1:00:21]} 13. Bd2 {[%clk 0:55:14]} Qb6
{[%clk 0:59:49]} 14. a4 {[%clk 0:47:21]} Rac8 {[%clk 0:47:33]} 15. axb5
{[%clk 0:42:49]} cxb5 {[%clk 0:45:47]} 16. Qe4 {[%clk 0:37:15]} Nxc3
{[%clk 0:41:48]} 17. bxc3 {[%clk 0:37:15]} Nc7 {[%clk 0:32:18]} 18. Ng5
{[%clk 0:33:25]} Bf5 {[%clk 0:32:09]} 19. Qf3 {[%clk 0:29:59]} h6
{[%clk 0:20:04]} 20. g4 {[%clk 0:28:56]} Bd7 {[%clk 0:15:14]} 21. Ne4
{[%clk 0:29:09]} f6 {[%clk 0:13:07]} 22. exf6 {[%clk 0:28:44]} exf6
{[%clk 0:13:20]} 23. Nc5 {[%clk 0:25:46]} Bc6 {[%clk 0:12:59]} 24. Qd3
{[%clk 0:22:42]} f5 {[%clk 0:06:47]} 25. gxf5 {[%clk 0:20:14]} gxf5
{[%clk 0:07:12]} 26. Qh3 {[%clk 0:16:35]} Ba8 {[%clk 0:05:31]} 27. f3
{[%clk 0:16:21]} Qd6 {[%clk 0:04:18]} 28. Kh1 {[%clk 0:15:11]} a6
{[%clk 0:04:05]} 29. Rg1 {[%clk 0:13:49]} Rf6 {[%clk 0:02:41]} 30. Ne4
{[%clk 0:06:53]} fxe4 {[%clk 0:01:23]} 31. Qxc8+ {[%clk 0:07:18]} Kh7
{[%clk 0:01:34]} 32. Qg4 {[%clk 0:07:31]} Qf8 {[%clk 0:01:39]} 33. fxe4
{[%clk 0:07:14]} Ne6 {[%clk 0:00:41]} 34. Rxa6 {[%clk 0:05:12]} Ng5
{[%clk 0:00:35]} 35. Rxf6 {[%clk 0:04:19]} Qxf6 {[%clk 0:00:57]} 36. Bxg5
{[%clk 0:04:10]} hxg5 {[%clk 0:01:22]} 37. d5 {[%clk 0:03:46]} 1-0

[Event "EYTCC-G"]
[Site "?"]
[Date "2017.08.22"]
[Round "6.9"]
[White "Rozman, Monika"]
[Black "Gundogan, Sinem Cagla"]
[Result "1-0"]
[BlackElo "2067"]
[WhiteElo "2082"]
[LiveChessVersion "1.4.6"]

1. e4 {[%clk 1:30:57]} e5 {[%clk 1:30:55]} 2. Nf3 {[%clk 1:31:22]} Nc6
{[%clk 1:31:22]} 3. Bc4 {[%clk 1:31:49]} Bc5 {[%clk 1:31:46]} 4. c3
{[%clk 1:32:12]} Nf6 {[%clk 1:32:12]} 5. d3 {[%clk 1:32:38]} a6 {[%clk 1:32:35]}
6. Bb3 {[%clk 1:32:40]} d6 {[%clk 1:31:54]} 7. O-O {[%clk 1:32:57]} Ba7
{[%clk 1:30:45]} 8. Be3 {[%clk 1:30:58]} O-O {[%clk 1:27:41]} 9. Nbd2
{[%clk 1:30:59]} h6 {[%clk 1:25:58]} 10. Re1 {[%clk 1:30:35]} Nh5
{[%clk 1:22:29]} 11. Nf1 {[%clk 1:25:54]} Qf6 {[%clk 1:21:54]} 12. Bxa7
{[%clk 1:20:20]} Rxa7 {[%clk 1:22:13]} 13. Ne3 {[%clk 1:18:34]} Ne7
{[%clk 1:17:42]} 14. d4 {[%clk 1:16:09]} Nf4 {[%clk 1:17:03]} 15. Rc1
{[%clk 1:01:44]} Ra8 {[%clk 1:12:52]} 16. Rc2 {[%clk 0:58:33]} g5
{[%clk 1:10:57]} 17. Kh1 {[%clk 0:50:46]} g4 {[%clk 1:00:47]} 18. dxe5
{[%clk 0:50:02]} dxe5 {[%clk 1:00:51]} 19. Ng1 {[%clk 0:50:18]} h5
{[%clk 0:58:53]} 20. Rd2 {[%clk 0:48:21]} Kg7 {[%clk 0:53:38]} 21. Ne2
{[%clk 0:46:40]} Qg5 {[%clk 0:50:43]} 22. Rd8 {[%clk 0:38:33]} Be6
{[%clk 0:46:07]} 23. Rxa8 {[%clk 0:38:12]} Rxa8 {[%clk 0:43:01]} 24. Nxf4
{[%clk 0:34:08]} exf4 {[%clk 0:42:44]} 25. Qd4+ {[%clk 0:33:53]} Kg6
{[%clk 0:37:57]} 26. Nd5 {[%clk 0:32:31]} Nxd5 {[%clk 0:29:28]} 27. exd5
{[%clk 0:30:32]} Bf5 {[%clk 0:25:50]} 28. d6 {[%clk 0:28:08]} cxd6
{[%clk 0:20:51]} 29. Qxd6+ {[%clk 0:28:17]} Qf6 {[%clk 0:15:08]} 30. Qxf4
{[%clk 0:27:22]} Rd8 {[%clk 0:14:48]} 31. f3 {[%clk 0:25:17]} Rd7
{[%clk 0:12:24]} 32. fxg4 {[%clk 0:22:19]} hxg4 {[%clk 0:12:47]} 33. Rf1
{[%clk 0:17:58]} Qg5 {[%clk 0:12:29]} 34. Qb8 {[%clk 0:18:02]} Re7
{[%clk 0:10:09]} 35. Qg8+ {[%clk 0:15:42]} Kf6 {[%clk 0:10:30]} 36. Qh8+
{[%clk 0:14:45]} Kg6 {[%clk 0:08:30]} 37. Qg8+ {[%clk 0:13:32]} Kf6
{[%clk 0:08:54]} 38. Qd8 {[%clk 0:12:40]} Kg6 {[%clk 0:07:57]} 39. Bc4
{[%clk 0:10:50]} Rd7 {[%clk 0:06:20]} 40. Qg8+ {[%clk 0:37:56]} Kf6
{[%clk 0:36:36]} 41. Qh8+ {[%clk 0:37:00]} Kg6 {[%clk 0:36:53]} 42. a4
{[%clk 0:34:16]} Rd8 {[%clk 0:29:59]} 43. Qe5 {[%clk 0:34:14]} f6
{[%clk 0:30:01]} 44. Qe7 {[%clk 0:32:38]} Rd7 {[%clk 0:28:11]} 45. Qe8+
{[%clk 0:32:43]} Kh6 {[%clk 0:27:44]} 46. b3 {[%clk 0:15:11]} Rh7
{[%clk 0:13:22]} 47. Qf8+ {[%clk 0:12:39]} Kg6 {[%clk 0:12:57]} 48. Qg8+
{[%clk 0:12:55]} Kh6 {[%clk 0:12:40]} 49. Qxg5+ {[%clk 0:12:51]} Kxg5
{[%clk 0:12:18]} 50. Rxf5+ {[%clk 0:13:16]} 1-0

[Event "EYTCC-G"]
[Site "?"]
[Date "2017.08.22"]
[Round "6.10"]
[White "Ozbay, Ece"]
[Black "Urh, Zala"]
[Result "1/2-1/2"]
[BlackElo "2100"]
[WhiteElo "1966"]
[LiveChessVersion "1.4.6"]

1. e4 {[%clk 1:30:51]} e5 {[%clk 1:30:54]} 2. Nf3 {[%clk 1:31:16]} Nc6
{[%clk 1:31:17]} 3. Bb5 {[%clk 1:31:41]} Nf6 {[%clk 1:31:32]} 4. O-O
{[%clk 1:32:02]} Nxe4 {[%clk 1:31:38]} 5. d4 {[%clk 1:31:53]} Nd6
{[%clk 1:31:48]} 6. Bxc6 {[%clk 1:32:11]} dxc6 {[%clk 1:32:13]} 7. dxe5
{[%clk 1:32:35]} Nf5 {[%clk 1:32:34]} 8. Qxd8+ {[%clk 1:33:00]} Kxd8
{[%clk 1:32:59]} 9. b3 {[%clk 1:26:41]} Be7 {[%clk 1:28:52]} 10. Bb2
{[%clk 1:25:26]} Be6 {[%clk 1:29:04]} 11. Nc3 {[%clk 1:20:20]} Ke8
{[%clk 1:27:29]} 12. Rad1 {[%clk 1:19:08]} Rd8 {[%clk 1:26:27]} 13. Ne2
{[%clk 1:16:44]} h5 {[%clk 1:17:46]} 14. Nfd4 {[%clk 1:14:10]} Nxd4
{[%clk 1:15:06]} 15. Nxd4 {[%clk 1:14:28]} Bc8 {[%clk 1:12:47]} 16. f4
{[%clk 1:11:03]} a6 {[%clk 1:00:05]} 17. c4 {[%clk 1:05:06]} Bg4 {[%clk 0:57:06]}
18. Nf3 {[%clk 0:51:28]} Bc5+ {[%clk 0:54:01]} 19. Kh1 {[%clk 0:47:27]} Rxd1
{[%clk 0:44:46]} 20. Rxd1 {[%clk 0:47:53]} Be3 {[%clk 0:45:03]} 21. Bc1
{[%clk 0:27:41]} Bxc1 {[%clk 0:45:05]} 22. Rxc1 {[%clk 0:28:10]} Ke7
{[%clk 0:45:04]} 23. Rd1 {[%clk 0:20:14]} c5 {[%clk 0:43:14]} 24. h3
{[%clk 0:16:24]} Bc8 {[%clk 0:40:34]} 25. Kg1 {[%clk 0:14:59]} Rd8
{[%clk 0:35:58]} 26. Rxd8 {[%clk 0:14:48]} Kxd8 {[%clk 0:36:27]} 27. Ng5
{[%clk 0:10:03]} Ke7 {[%clk 0:34:44]} 28. Ne4 {[%clk 0:10:31]} b6
{[%clk 0:33:57]} 29. Nc3 {[%clk 0:10:20]} Bf5 {[%clk 0:31:43]} 30. Kf2
{[%clk 0:09:09]} h4 {[%clk 0:29:31]} 31. Ke3 {[%clk 0:08:56]} Kd7
{[%clk 0:27:48]} 32. Ne4 {[%clk 0:06:52]} Kc6 {[%clk 0:26:52]} 33. Nc3
{[%clk 0:04:16]} b5 {[%clk 0:20:50]} 34. Nd5 {[%clk 0:03:09]} Bc2
{[%clk 0:18:18]} 35. f5 {[%clk 0:00:41]} Bb1 {[%clk 0:14:04]} 36. a4
{[%clk 0:00:39]} bxc4 {[%clk 0:10:48]} 37. bxc4 {[%clk 0:01:06]} Kd7
{[%clk 0:11:17]} 38. Kf4 {[%clk 0:00:59]} Ba2 {[%clk 0:09:38]} 39. Ne3
{[%clk 0:01:26]} a5 {[%clk 0:09:35]} 40. Ke4 {[%clk 0:30:55]} Bb3
{[%clk 0:37:16]} 41. Kd5 {[%clk 0:30:07]} Bxa4 {[%clk 0:35:32]} 42. Kxc5
{[%clk 0:08:52]} Bb3 {[%clk 0:31:49]} 43. Nf1 {[%clk 0:02:56]} g6
{[%clk 0:26:50]} 44. e6+ {[%clk 0:00:36]} fxe6 {[%clk 0:26:21]} 45. fxg6
{[%clk 0:01:05]} Ke7 {[%clk 0:26:10]} 46. g3 {[%clk 0:01:20]} hxg3
{[%clk 0:20:03]} 47. Nxg3 {[%clk 0:01:48]} Kf6 {[%clk 0:19:46]} 48. Ne2
{[%clk 0:00:44]} e5 {[%clk 0:14:55]} 49. Kd5 {[%clk 0:00:53]} a4 {[%clk 0:14:04]}
50. g7 {[%clk 0:00:35]} Kxg7 {[%clk 0:14:28]} 51. Kxe5 {[%clk 0:01:04]} Kf7
{[%clk 0:06:11]} 52. Kd4 {[%clk 0:00:38]} a3 {[%clk 0:02:51]} 53. Nc1
{[%clk 0:01:03]} Bd1 {[%clk 0:01:53]} 54. Kc5 {[%clk 0:01:19]} Bf3
{[%clk 0:01:28]} 55. Kb4 {[%clk 0:01:43]} Bg2 {[%clk 0:01:33]} 56. h4
{[%clk 0:02:07]} Bf1 {[%clk 0:01:35]} 57. c5 {[%clk 0:02:04]} Kg6
{[%clk 0:01:01]} 58. Kxa3 {[%clk 0:02:19]} Kh5 {[%clk 0:01:27]} 59. Nb3
{[%clk 0:01:58]} Kxh4 {[%clk 0:01:41]} 60. Kb4 {[%clk 0:00:52]} Kg5
{[%clk 0:01:41]} 1/2-1/2

[Event "EYTCC-G"]
[Site "?"]
[Date "2017.08.22"]
[Round "6.11"]
[White "Arda, Cagil Irmak"]
[Black "Erseki, Tamara"]
[Result "1-0"]
[BlackElo "2119"]
[WhiteElo "2124"]
[LiveChessVersion "1.4.6"]

1. e4 {[%clk 1:30:23]} c5 {[%clk 1:30:53]} 2. Nf3 {[%clk 1:30:48]} d6
{[%clk 1:31:19]} 3. d4 {[%clk 1:30:35]} cxd4 {[%clk 1:31:43]} 4. Nxd4
{[%clk 1:31:00]} Nf6 {[%clk 1:31:54]} 5. f3 {[%clk 1:31:25]} e5 {[%clk 1:32:02]}
6. Nb3 {[%clk 1:31:50]} a5 {[%clk 1:31:53]} 7. a4 {[%clk 1:31:46]} Be6
{[%clk 1:30:44]} 8. c4 {[%clk 1:31:04]} Be7 {[%clk 1:30:08]} 9. Be3
{[%clk 1:31:21]} O-O {[%clk 1:29:13]} 10. Be2 {[%clk 1:31:41]} Qc7
{[%clk 1:27:33]} 11. Na3 {[%clk 1:30:46]} Nc6 {[%clk 1:22:19]} 12. O-O
{[%clk 1:30:39]} h6 {[%clk 1:19:35]} 13. Qd2 {[%clk 1:26:54]} Nd7
{[%clk 1:14:52]} 14. Nb5 {[%clk 1:17:02]} Qb8 {[%clk 1:15:03]} 15. Rfd1
{[%clk 0:58:29]} Nc5 {[%clk 1:14:07]} 16. Ra3 {[%clk 0:50:10]} Rd8
{[%clk 1:12:59]} 17. Nc3 {[%clk 0:48:56]} Qc8 {[%clk 0:49:30]} 18. Nd5
{[%clk 0:47:18]} Ra6 {[%clk 0:41:45]} 19. Nxe7+ {[%clk 0:42:20]} Nxe7
{[%clk 0:42:09]} 20. Nxc5 {[%clk 0:42:41]} 1-0

[Event "EYTCC-G"]
[Site "?"]
[Date "2017.08.22"]
[Round "6.12"]
[White "Kassay, Lilla"]
[Black "Caglar, Sila"]
[Result "0-1"]
[BlackElo "2136"]
[WhiteElo "2011"]
[LiveChessVersion "1.4.6"]

1. e4 {[%clk 1:30:57]} c5 {[%clk 1:30:49]} 2. Nf3 {[%clk 1:31:19]} e6
{[%clk 1:31:13]} 3. d4 {[%clk 1:31:43]} cxd4 {[%clk 1:31:32]} 4. Nxd4
{[%clk 1:32:06]} Nc6 {[%clk 1:31:57]} 5. Nc3 {[%clk 1:32:30]} Qc7
{[%clk 1:32:17]} 6. Be3 {[%clk 1:29:39]} a6 {[%clk 1:32:29]} 7. Bd3
{[%clk 1:28:51]} Nf6 {[%clk 1:32:27]} 8. O-O {[%clk 1:28:34]} b5 {[%clk 1:32:40]}
9. a3 {[%clk 1:21:06]} Bb7 {[%clk 1:27:12]} 10. Qe2 {[%clk 1:18:47]} Rc8
{[%clk 1:21:30]} 11. Rad1 {[%clk 1:11:41]} Ne5 {[%clk 1:11:15]} 12. h3
{[%clk 1:03:14]} Nc4 {[%clk 1:00:24]} 13. Bxc4 {[%clk 0:48:13]} Qxc4
{[%clk 0:58:59]} 14. e5 {[%clk 0:38:09]} Nd5 {[%clk 0:48:52]} 15. Nxd5
{[%clk 0:35:16]} Qxd5 {[%clk 0:37:07]} 16. Nf3 {[%clk 0:34:06]} Qe4
{[%clk 0:27:38]} 17. Qd2 {[%clk 0:31:27]} Bd5 {[%clk 0:24:38]} 18. Qa5
{[%clk 0:27:53]} Bc5 {[%clk 0:19:13]} 19. Bxc5 {[%clk 0:23:58]} Rxc5
{[%clk 0:19:41]} 20. Qxa6 {[%clk 0:23:00]} O-O {[%clk 0:18:00]} 21. Rfe1
{[%clk 0:19:23]} Qg6 {[%clk 0:15:13]} 22. Nh4 {[%clk 0:16:22]} Qg5
{[%clk 0:13:37]} 23. Rd4 {[%clk 0:15:58]} f6 {[%clk 0:12:36]} 24. c3
{[%clk 0:08:31]} fxe5 {[%clk 0:10:29]} 25. Rg4 {[%clk 0:07:22]} Qf6
{[%clk 0:10:10]} 26. Re2 {[%clk 0:05:16]} Rc4 {[%clk 0:08:31]} 27. Nf3
{[%clk 0:01:48]} Bxf3 {[%clk 0:05:43]} 28. gxf3 {[%clk 0:02:09]} Qxf3
{[%clk 0:04:42]} 29. Rd2 {[%clk 0:01:37]} Rxg4+ {[%clk 0:03:49]} 30. hxg4
{[%clk 0:02:06]} Qxg4+ {[%clk 0:04:17]} 31. Kf1 {[%clk 0:02:01]} d5
{[%clk 0:03:45]} 32. Qxb5 {[%clk 0:02:04]} h5 {[%clk 0:03:27]} 33. Qb4
{[%clk 0:01:13]} e4 {[%clk 0:03:26]} 34. Qd4 {[%clk 0:01:03]} h4 {[%clk 0:03:06]}
35. Qe5 {[%clk 0:01:03]} h3 {[%clk 0:03:24]} 36. Qh2 {[%clk 0:00:58]} e3
{[%clk 0:03:32]} 37. Re2 {[%clk 0:00:50]} Rxf2+ {[%clk 0:03:47]} 0-1

[Event "EYTCC-G"]
[Site "?"]
[Date "2017.08.22"]
[Round "6.13"]
[White "Srdanovic, Jovana"]
[Black "Egyed, Judit"]
[Result "0-1"]
[BlackElo "2162"]
[WhiteElo "2105"]
[LiveChessVersion "1.4.6"]

1. d4 d6 2. c4 g6 3. Nc3 Bg7 4. e4 Nf6 5. h3 Nbd7 6. Be3 c6 7. Bd3 e5 8. d5 cxd5
9. cxd5 a6 10. b4 O-O 11. g4 Nb6 12. Qb3 Bd7 13. a4 a5 14. bxa5 Nxa4 15. Nxa4
Qxa5+ 16. Bd2 Bxa4 17. Qb4 Qxb4 18. Bxb4 Rfd8 19. Ne2 Nxd5 20. Bc3 Nxc3 21. Nxc3
Bc6 22. Ke2 Rxa1 23. Rxa1 d5 24. Rb1 d4 25. Nd5 Bf8 26. g5 Kg7 27. Rb2 h6 28. h4
hxg5 29. hxg5 Ba3 30. Ra2 Bc1 31. Nb4 Bxg5 32. Nxc6 bxc6 33. Ra5 Rb8 34. Rc5 Rb2+
35. Bc2 Rb6 36. Rxe5 Bf4 37. Rc5 Bd6 38. Rc4 c5 39. f4 Ra6 40. e5 Be7 41. f5 Kh6
42. f6 Bf8 43. Kf3 Ra3+ 44. Ke4 Re3+ 45. Kf4 g5+ 46. Kf5 Kh5 47. Bd1+ Kh4 48. Rc2
Re1 49. Be2 g4 50. Bc4 g3 51. Bxf7 d3 52. Rd2 Rf1+ 53. Ke4 Rf2 54. Rd1 g2 55. Rg1
d2 56. Kd3 Rf1 57. Kxd2 Rxg1 58. e6 Ra1 0-1

[Event "EYTCC-G"]
[Site "?"]
[Date "2017.08.22"]
[Round "6.14"]
[White "Kovacs, Judit"]
[Black "Nestorovic, Katarina"]
[Result "1/2-1/2"]
[BlackElo "1941"]
[WhiteElo "2062"]
[LiveChessVersion "1.4.6"]

1. Nf3 {[%clk 1:30:56]} Nf6 {[%clk 1:30:49]} 2. c4 {[%clk 1:31:16]} e6
{[%clk 1:31:07]} 3. g3 {[%clk 1:31:28]} a6 {[%clk 1:31:18]} 4. Bg2
{[%clk 1:29:13]} b5 {[%clk 1:31:34]} 5. b3 {[%clk 1:26:52]} Bb7 {[%clk 1:31:29]}
6. O-O {[%clk 1:25:24]} c5 {[%clk 1:31:02]} 7. Bb2 {[%clk 1:22:10]} Be7
{[%clk 1:30:08]} 8. Qc2 {[%clk 1:21:47]} Qb6 {[%clk 1:27:52]} 9. d3
{[%clk 1:13:29]} O-O {[%clk 1:26:16]} 10. Nbd2 {[%clk 1:08:35]} Nc6
{[%clk 1:24:49]} 11. Rac1 {[%clk 1:06:56]} d6 {[%clk 1:21:23]} 12. e3
{[%clk 1:05:32]} Rac8 {[%clk 1:18:28]} 13. Qb1 {[%clk 1:05:10]} Rfd8
{[%clk 1:13:29]} 14. a3 {[%clk 1:01:01]} a5 {[%clk 1:10:18]} 15. Rfe1
{[%clk 0:52:37]} Ba6 {[%clk 1:07:52]} 16. cxb5 {[%clk 0:47:11]} Bxb5
{[%clk 1:05:35]} 17. d4 {[%clk 0:46:02]} cxd4 {[%clk 1:03:54]} 18. Nxd4
{[%clk 0:45:14]} Nxd4 {[%clk 1:03:35]} 19. Bxd4 {[%clk 0:45:09]} Qa6
{[%clk 1:03:42]} 20. Qb2 {[%clk 0:40:03]} e5 {[%clk 0:55:27]} 21. Bc3
{[%clk 0:38:54]} a4 {[%clk 0:54:57]} 22. b4 {[%clk 0:36:06]} Ne8 {[%clk 0:48:50]}
23. Bh3 {[%clk 0:30:05]} Rc6 {[%clk 0:42:58]} 24. Qa2 {[%clk 0:20:33]} Bf6
{[%clk 0:33:06]} 25. Bg2 {[%clk 0:20:07]} Rc7 {[%clk 0:29:42]} 26. Bd5
{[%clk 0:17:14]} Rcd7 {[%clk 0:29:02]} 27. Bb2 {[%clk 0:16:37]} Kf8
{[%clk 0:27:37]} 28. Bg2 {[%clk 0:09:03]} d5 {[%clk 0:23:17]} 29. Rc5
{[%clk 0:09:11]} Nc7 {[%clk 0:16:38]} 30. Rec1 {[%clk 0:08:30]} Qb7
{[%clk 0:16:27]} 31. Bh3 {[%clk 0:06:39]} Re7 {[%clk 0:16:36]} 32. Bg2
{[%clk 0:06:26]} Red7 {[%clk 0:15:50]} 33. Bh3 {[%clk 0:06:47]} Re7
{[%clk 0:16:08]} 34. Bg2 {[%clk 0:06:54]} Red7 {[%clk 0:16:12]} 1/2-1/2

[Event "EYTCC-G"]
[Site "?"]
[Date "2017.08.22"]
[Round "6.15"]
[White "Adamczyk, Zuzanna"]
[Black "Olechnicka, Karolina"]
[Result "1/2-1/2"]
[BlackElo "1938"]
[WhiteElo "1753"]
[LiveChessVersion "1.4.6"]

1. d4 {[%clk 1:30:49]} Nf6 {[%clk 1:30:57]} 2. Nf3 {[%clk 1:30:58]} g6
{[%clk 1:30:12]} 3. Bf4 {[%clk 1:29:36]} d6 {[%clk 1:29:32]} 4. Nbd2
{[%clk 1:22:32]} b6 {[%clk 1:23:18]} 5. e4 {[%clk 1:17:44]} Bg7 {[%clk 1:22:24]}
6. Bd3 {[%clk 1:17:19]} O-O {[%clk 1:21:13]} 7. h3 {[%clk 1:14:44]} Bb7
{[%clk 1:14:17]} 8. O-O {[%clk 1:11:10]} Nbd7 {[%clk 1:04:13]} 9. c3
{[%clk 0:59:19]} Re8 {[%clk 1:01:44]} 10. Be3 {[%clk 0:54:45]} Rc8
{[%clk 0:45:03]} 11. c4 {[%clk 0:42:52]} e5 {[%clk 0:35:24]} 12. d5
{[%clk 0:39:10]} h6 {[%clk 0:31:40]} 13. Nh2 {[%clk 0:30:02]} c6 {[%clk 0:28:20]}
14. Nb3 {[%clk 0:24:53]} Ba6 {[%clk 0:21:42]} 15. Ng4 {[%clk 0:19:51]} Nxg4
{[%clk 0:16:54]} 16. hxg4 {[%clk 0:19:58]} cxd5 {[%clk 0:10:27]} 17. cxd5
{[%clk 0:20:16]} Bxd3 {[%clk 0:10:14]} 18. Qxd3 {[%clk 0:20:34]} Nc5
{[%clk 0:10:09]} 19. Nxc5 {[%clk 0:20:02]} bxc5 {[%clk 0:10:26]} 20. g3
{[%clk 0:18:41]} Rb8 {[%clk 0:09:43]} 21. Qd2 {[%clk 0:17:52]} Qd7
{[%clk 0:08:12]} 22. f3 {[%clk 0:17:31]} g5 {[%clk 0:05:28]} 23. b3
{[%clk 0:15:50]} Rb4 {[%clk 0:05:23]} 24. Rac1 {[%clk 0:14:32]} Reb8
{[%clk 0:04:55]} 25. Qe2 {[%clk 0:10:48]} Qc8 {[%clk 0:03:13]} 26. Bd2
{[%clk 0:08:25]} R4b6 {[%clk 0:03:01]} 27. Rc2 {[%clk 0:05:39]} Qd7
{[%clk 0:00:55]} 28. Rfc1 {[%clk 0:05:01]} R6b7 {[%clk 0:00:55]} 29. Qd3
{[%clk 0:04:16]} Bf6 {[%clk 0:00:50]} 30. Be1 {[%clk 0:03:21]} Kg7
{[%clk 0:00:54]} 31. Qf1 {[%clk 0:03:15]} Rh8 {[%clk 0:00:58]} 32. Rh2
{[%clk 0:03:24]} Bd8 {[%clk 0:01:02]} 33. Rc4 {[%clk 0:03:22]} Bb6
{[%clk 0:00:48]} 34. Kg2 {[%clk 0:02:28]} Qc7 {[%clk 0:00:43]} 35. Ra4
{[%clk 0:02:34]} f6 {[%clk 0:00:51]} 36. Rh5 {[%clk 0:02:23]} Qd7
{[%clk 0:00:37]} 37. Rh2 {[%clk 0:02:25]} Qf7 {[%clk 0:00:46]} 38. Qh1
{[%clk 0:02:10]} Rc7 {[%clk 0:00:41]} 39. Rh5 {[%clk 0:01:49]} Qe8
{[%clk 0:00:54]} 40. Qf1 {[%clk 0:31:52]} Qf7 {[%clk 0:30:35]} 41. Qh1
{[%clk 0:31:09]} c4 {[%clk 0:28:59]} 42. Rxc4 {[%clk 0:29:16]} Rxc4
{[%clk 0:29:21]} 43. bxc4 {[%clk 0:29:42]} Qd7 {[%clk 0:27:55]} 44. Bf2
{[%clk 0:26:31]} Qa4 {[%clk 0:21:14]} 45. Bxb6 {[%clk 0:22:31]} axb6
{[%clk 0:21:26]} 46. Qb1 {[%clk 0:22:07]} Qxc4 {[%clk 0:20:20]} 47. Qxb6
{[%clk 0:21:59]} Rc8 {[%clk 0:20:32]} 48. Rh1 {[%clk 0:20:09]} Kg6
{[%clk 0:11:49]} 49. Rf1 {[%clk 0:16:30]} Qxa2+ {[%clk 0:09:25]} 50. Rf2
{[%clk 0:16:05]} Qa1 {[%clk 0:06:22]} 51. Qb5 {[%clk 0:15:14]} Qa7
{[%clk 0:06:41]} 52. Qf1 {[%clk 0:13:34]} Qa4 {[%clk 0:06:01]} 53. Qb1
{[%clk 0:12:49]} Qc4 {[%clk 0:03:49]} 54. Qf1 {[%clk 0:12:28]} Qc5
{[%clk 0:03:58]} 55. Qb1 {[%clk 0:12:16]} Qc4 {[%clk 0:02:48]} 56. Qf1
{[%clk 0:12:39]} Qb3 {[%clk 0:02:46]} 57. Qe1 {[%clk 0:09:51]} Qa3
{[%clk 0:02:26]} 58. Qe2 {[%clk 0:09:46]} Qa5 {[%clk 0:01:27]} 59. Qa2
{[%clk 0:09:06]} Qc5 {[%clk 0:01:30]} 60. Qe2 {[%clk 0:09:03]} 1/2-1/2